Dalit Journeys for Dignity : (Record no. 1726448)

MARC details
000 -LEADER
fixed length control field 00498 a2200181 4500
005 - DATE AND TIME OF LATEST TRANSACTION
control field 20260324160835.0
008 - FIXED-LENGTH DATA ELEMENTS--GENERAL INFORMATION
fixed length control field 260324b |||||||| |||| 00| 0 eng d
020 ## - INTERNATIONAL STANDARD BOOK NUMBER
International Standard Book Number 9788178246888
040 ## - CATALOGING SOURCE
Transcribing agency SDCL
041 ## - LANGUAGE CODE
Source of code eng
Language code of text/sound track or separate title eng
084 ## - COLON CLASSIFICATION NUMBER
Classification number Y5927 R5
100 ## - MAIN ENTRY--PERSONAL NAME
Personal name Rawat, Ramnarayan S.
245 ## - TITLE STATEMENT
Title Dalit Journeys for Dignity :
Remainder of title Religion, Freedom, and Caste
260 ## - PUBLICATION, DISTRIBUTION, ETC.
Place of publication, distribution, etc. New Delhi :
Name of publisher, distributor, etc. Permanent Black,
Date of publication, distribution, etc. 2025.
300 ## - PHYSICAL DESCRIPTION
Extent xiv, 316p.
490 ## - SERIES STATEMENT
Series statement History and politics
942 ## - ADDED ENTRY ELEMENTS (KOHA)
Koha item type Textual
Source of classification or shelving scheme Colon Classification (CC)
999 ## -
-- 1726448
-- 1726448
Holdings
Withdrawn status Lost status Source of classification or shelving scheme Damaged status Not for loan Home library Current library Date acquired Source of acquisition Cost, normal purchase price Inventory number Total checkouts Full call number Barcode Date last seen Cost, replacement price Price effective from Koha item type
    Colon Classification (CC)     South Campus Library South Campus Library 2026-03-24 4 796.00 159 & 30/12/2025   Y5927 R5 SC1809435 2026-03-24 995.00 2026-03-24 Textual
Copyright @ Delhi University Library System